Countries invaded by Germany in WW2 - Statistics

General Stats
  • This quiz has been taken 228 times
    218 since last reset
  • The average score is 13 of 15
Answer Stats
Hint Answer % Correct
1940 France
99%
1939 Poland
99%
1940 Denmark
97%
1940 Netherlands
97%
1938 Austria
96%
1940 Norway
96%
1940 Belgium
95%
1941 Greece
88%
1938 Czechoslovakia
87%
1940 Luxembourg
87%
1941 USSR
87%
1943 Italy
84%
1945 Hungary
83%
1941 Yugoslavia
81%
1942 Finland
71%
No matching quizzes found
Score Distribution
Percent of People with Each Score
Percentile by Number Answered
Your Score History
You have not taken this quiz since the last reset